Statistics for DJ Mag 2017 Top 100 Djs

Click here to take the quiz!

General Stats

  • This quiz has been taken 71 times
  • The average score is 23 of 100

Answer Stats

#DJ% Correct
1Martin Garrix
91%
7David Guetta
85%
5Tiesto
78%
3Armin Van Buuren
75%
28Avicii
73%
15Calvin Harris
71%
4Hardwell
67%
10Marshmello
67%
2Dimitri Vegas & Like Mike
65%
16Skrillex
62%
6The Chainsmokers
60%
8 Afrojack
56%
23DJ Snake
55%
18R3hab
53%
9Steve Aoki
53%
37Alesso
49%
17Alan Walker
45%
11Don Diablo
45%
29Zedd
45%
24Kygo
42%
13Oliver Heldens
42%
21Axwell ^ Ingrosso
40%
12KSHMR
40%
45Major Lazer
36%
14W&W
36%
49Deadmau5
33%
25Diplo
33%
19Alok
31%
82Steve Angello
31%
62Carl Cox
29%
66Galantis
29%
43Timmy Trumpet
29%
36Blasterjaxx
25%
26Lost Frequencies
25%
64Lucas & Steve
25%
35Bassjackers
24%
34Eric Prydz
24%
50Nicky Romero
24%
33Headhunterz
22%
22DVBBS
20%
42 Nervo
20%
51Paul Van Dyk
20%
30Quintino
20%
76Robin Schulz
20%
72Vini Vici
20%
40 Angerfist
18%
57Yellow Claw
18%
59Brennan Heart
16%
69Claptone
16%
20Dash Berlin
15%
68Jay Hardway
15%
60Mike Williams
15%
27Above & Beyond
13%
38Ummet Ozcan
13%
89Alison Wonderland
11%
54ATB
11%
61Dannic
11%
32Vinai
11%
41Wolfpack
11%
67Da Tweekaz
9%
86Dillon Francis
9%
73Jauz
9%
94Julian Jordan
9%
58Miss K8
9%
97Paul Kalkbrenner
9%
99Swanky Tunes
9%
78Carnage
7%
46Tujamo
7%
53Aly & Fila
5%
92Carta
5%
56Diego Miranda
5%
84Mariana Bo
5%
96Porter Robinson
5%
81Solomun
5%
95Tchami
5%
83Will Sparks
5%
79Andrew Rayel
4%
74Cat Dealers
4%
100Disclosure
4%
39Fedde Le Grand
4%
90Ferry Corsten
4%
71Florian Picasso
4%
87Flume
4%
75Sam Feldt
4%
47Tom Swoon
4%
31Vintage Culture
4%
65Warface
4%
85Black Coffee
2%
63Carl Nunes
2%
48DJ Kura
2%
98DJ L
2%
70Martin Jensen
2%
93Mosimann
2%
80Richie Hawtin
2%
88Shogun
2%
55Yves B
2%
77Andy C
0%
52Danny Avilia
0%
91Maceo Plex
0%
44Radical Redemption
0%

Score Distribution

Percentile by Number Answered

Percent of People with Each Score

Your Score History

You have not taken this quiz